Normal view
MARC view
- Healthcare Biotechnology.
Entry Uniform Title
001 - CONTROL NUMBER
- control field: 13989
003 - CONTROL NUMBER IDENTIFIER
- control field: NUST
005 - DATE AND TIME OF LATEST TRANSACTION
- control field: 20190326072925.0
008 - FIXED-LENGTH DATA ELEMENTS
- fixed length control field: 190326|| aca||aabn | a|a d
040 ## - CATALOGING SOURCE
- Original cataloging agency: NUST
- Transcribing agency: NUST
130 ## - HEADING--UNIFORM TITLE
- Uniform title: Healthcare Biotechnology.
- Title of a work: T-Cell activation RhoGTPase Activating Protein (TAGAP) in Rheumatoid arthritis
670 ## - SOURCE DATA FOUND
- Source citation: Work cat.: (NUST): Maria Arshad-sup-Dr. Attya Bhatti 13988, Th-PhD-A study of T-Cell activation RhoGTPase activating protein (TAGAP) in Rheumatoid Arthritis , 2018.
